Saber, Ciencia y Libertad

Bibliographic Details
Format: Book
Language:Spanish
Published: Colombia Universidad Libre de Colombia 2013
Subjects:
Online Access:Acceso restringido

MARC

LEADER 00000nam a22000007a 4500
005 20160316131654.0
007 cr|||| ||u|
008 160316s2013 co |||ps |||| 0||| 1spa d
035 |a 13096 
040 |a vLex  
090 |c 5970  |d 5970 
245 1 0 |a Saber, Ciencia y Libertad  |h [Recurso electrn̤ico] /   |c Universidad Libre de Colombia  
256 |a Servicio en ln̕ea  
260 |a Colombia  |b Universidad Libre de Colombia   |c 2013 
300 |a 1 recurso electrn̤ico  
506 1 |a Contenido solo disponible en los productos indicados   |d vLex Global  |d vLex Global (Academic Edition, excluding Law Schools)  |d vLex Global (U.S. Academic Edition, Law Schools)  |d vLex Global (U.S. Academic Edition, excluding Law Schools)  |d vLex Global (Academic Edition, Law Schools) 
650 0 4 |a Derecho  |z Colombia  
740 0 |a vLex revistas (servicio en ln̕ea)  
856 4 0 |u http://vlex.com/source/saber-ciencia-libertad-13096  |z Acceso restringido 
942 |c REV 
999 0 |a Law